00958cam a22002897a 450000100090000000300040000900500170001300800390003002000180006902000150008704000230010204100130012508200220013810000190016024500950017925000120027426000600028630000530034650000370039950000220043665000450045865000380050365000370054165000470057870000200062570000230064515582132OSt20240530110417.0090102s2007 gw aeobf b 001 0 eng a9789774160745 a9774160746 aEG-CaGPLcEG-CaGPL1 aenghfre04221a726.8bCC/G A0 aGalila El Kadi00aArchitecture for the dead :bCairo's medieval necropolis /cGalila EL Kadi , Alain Bonnamy a1st ed. aCairo :bThe American University in Cairo Press,c2007. a302 s. :bcol. ill., plans (some col.) ;c34 cm. aTyt. oryg.: La cité des morts. aIncludes indexes. 0aLandscape architecturevPictorial works. 0aPomniki nagrobne islamskiezEgipt 0aCmentarze muzułmańskiezEgipt 0aLandscape architecturevDesigns and plans.1 aBonnamy, Alain.1 aDresner, Philippe.